| 000 | 00695nam a22002297a 4500 | ||
|---|---|---|---|
| 001 | 00028853 | ||
| 005 | 20260423152921.0 | ||
| 008 | 260423b ag ||||| |||| 00| 0 spa d | ||
| 040 |
_aAR-CcCEOS _bspa _cAR-CcCEOS |
||
| 041 | _aspa | ||
| 080 | _a930.9 | ||
| 090 | _bBER t.12 | ||
| 100 | 1 |
_aBergeron, Louis _91106 |
|
| 245 |
_aEl mundo y su historia VII : _bLas revoluciones europeas y el reparto del mundo / _cLouis Bergeron |
||
| 250 | _a1ยช ed. | ||
| 264 |
_aBarcelona : _bArgos, _cc1970. |
||
| 300 |
_a572 p. ; _c24x18 cm. |
||
| 490 | _vHistoria Universal ; t.7 | ||
| 650 | 0 |
_aHISTORIA UNIVERSAL _91103 |
|
| 942 |
_2udc _cBK _n0 |
||
| 999 |
_c28894 _d28894 |
||